[Event "Regensburg Donau Cup"]
[Site "Regensburg"]
[Date "2017.05.27"]
[Round "6"]
[White "Blanter, Sofya"]
[Black "Landstorfer, Raphael"]
[Result "1-0"]
[WhiteElo "1746"]
[BlackElo "1799"]
[PlyCount "77"]
[EventDate "2017.05.24"]
[EventType "swiss"]
[EventRounds "7"]
[EventCountry "GER"]
[SourceTitle "CBM 178 Extra"]
[Source "ChessBase"]
[SourceDate "2017.06.22"]
[SourceVersion "1"]
[SourceVersionDate "2017.06.22"]
[SourceQuality "1"]

1. d4 d5 2. c4 c6 3. Nf3 Nf6 4. Nc3 dxc4 5. a4 Bf5 6. e3 e6 7. Bxc4 Bb4 8. 0-0 0-0 9. Nh4 Bg4 10. Qb3 Qe7 11. h3 Bh5 12. g3 c5 13. d5 Bxc3 14. bxc3 exd5 15. Bxd5 Nxd5 16. Qxd5 Be2 17. Re1 Rd8 18. Nf5 Qc7 19. Qg2 Bd3 20. e4 Nc6 21. Bf4 Qa5 22. Rec1 Rd7 23. Ne3 c4 24. Qf3 Re7 25. Qg4 Ne5 26. Bxe5 Rxe5 27. f3 Qb6 28. Re1 Rae8 29. Kh1 h5 30. Qh4 Rxe4 31. fxe4 Rxe4 32. Qg5 f6 33. Qd5+ Kf8 34. Ng2 Qb2 35. Rac1 Re2 36. Rxe2 Qxc1+ 37. Re1 Qxc3 38. Qd8+ Kf7 39. Qe8# 1-0

[Event "Oberpfalz-ch M2"]
[Site "Windischeschenbach"]
[Date "2017.04.10"]
[Round "5"]
[White "Landstorfer, Raphael"]
[Black "Antczak, Lena"]
[Result "1-0"]
[WhiteElo "1571"]
[BlackElo "1770"]
[PlyCount "35"]
[EventDate "2017.04.08"]
[EventType "swiss"]
[EventRounds "8"]
[EventCountry "GER"]
[SourceTitle "EXT 2020"]
[Source "ChessBase"]
[SourceDate "2019.10.17"]
[SourceVersion "1"]
[SourceVersionDate "2019.10.17"]
[SourceQuality "1"]

1. e4 e5 2. Nf3 Nc6 3. Bc4 Nf6 4. d4 exd4 5. 0-0 Nxe4 6. Re1 d5 7. Bxd5 Qxd5 8. Nc3 Qh5 9. Nxe4 Be7 10. Bg5 Bg4 11. Bxe7 Nxe7 12. Qxd4 Bxf3 13. gxf3 Qxf3 14. Re3 Qg4+ 15. Rg3 Qd7 16. Qxd7+ Kxd7 17. Rxg7 Rhg8 18. Nf6+ 1-0